Normal view
MARC view
- WYATT, DAVIES E
Entry Personal Name
001 - CONTROL NUMBER
- control field: 57687
003 - CONTROL NUMBER IDENTIFIER
- control field: NUST
005 - DATE AND TIME OF LATEST TRANSACTION
- control field: 20210628201957.0
008 - FIXED-LENGTH DATA ELEMENTS
- fixed length control field: 210628|| aca||aabn | a|a d
040 ## - CATALOGING SOURCE
- Original cataloging agency: NUST
- Transcribing agency: NUST
100 ## - HEADING--PERSONAL NAME
- Personal name: WYATT, DAVIES E
670 ## - SOURCE DATA FOUND
- Source citation: Work cat.: (NUST): WYATT, DAVIES E, OUTLINES OF BRITISH HISTORY 55 B.E TO THE PEACE OF VERSAILLES A. D. 1919, 1922
